000 00579nam a2200181Ia 4500
008 090124s9999 xx 000 0 und d
082 _b110913
100 _aपाटील दिनकर द
245 _a पाव्हणा आला रे आला ...
250 _a1
260 _c1964
300 _a103
600 _aपाटील दिनकर द
630 _a पाव्हणा आला रे आला ...
700 _aपाटील दिनकर द
730 _a पाव्हणा आला रे आला ...
942 _cBOOK
999 _c157004
_d157004